Erste Frauen - Statistiken

Allgemein
  • Dieses Quiz wurde 169 mal gespielt
    142 seit der letzten Aktualisierung
  • Das Durchschnittsergebnis liegt bei 7 aus 12
Antwortstatistiken
Die erste Frau die... Antwort % Korrekt
Bundeskanzler wurde Angela Merkel
100%
einen Nobelpreis gewann Marie Curie
84%
Präsidentschaftskandidat für eine der beiden großen Parteien der USA war Hillary Clinton
81%
Präsident der Europäischen Kommission wurde Ursula von der Leyen
75%
Deutscher Außenminister wurde Annalena Baerbock
71%
erste Premierministerin des Vereinigten Königreichs wurde Margaret Thatcher
68%
100 Milionen Hörer auf Spotify erreichte Taylor Swift
65%
den Golden Slam gewann Steffi Graf
54%
für Deutschland den Eurovision Song Contest gewann Nicole
52%
erste Premierministerin Indiens wurde Indira Ghandi
38%
den Atlantik in einem Nonstop-Flug überquerte Amelia Earhart
31%
laut einer Legende Pabst wurde Pabst "Johanna"
15%
Keine übereinstimmenden Quizze gefunden
Verteilung der Resultate
Anzahl Personen mit jedem Resultat
Perzentil nach korrekt beantworteten Fragen
Ihre Resultats-Entwicklung
Sie haben dieses Quiz seit der letzten Aktualisierung nicht gespielt